[Event "VI Sunway Sitges Open 2019"]
[Site "Sitges"]
[Date "2019.12.19"]
[Round "7.41"]
[White "Ajay Karthikeyan"]
[Black "Yankelevich, Lev"]
[Result "0-1"]
[WhiteElo "2203"]
[BlackElo "2472"]
[Annotator "ChessBase"]
[PlyCount "102"]
[EventDate "2019.12.13"]
[EventType "swiss"]
[EventCountry "ESP"]
[SourceTitle "playchess.com"]
[Source "ChessBase"]
[SourceQuality "1"]
[TimeControl "40/5400+30:1800+30"]

1. e4 {[%emt 0:01:25]} e5 {[%emt 0:00:48]} 2. Nf3 {[%emt 0:00:21]} Nc6 {[%emt 0:00:04]} 3. Bb5 {[%emt 0:00:06]} a6 {[%emt 0:00:24]} 4. Ba4 {[%emt 0:00:02]} Nf6 {[%emt 0:00:07]} 5. O-O {[%emt 0:00:03]} Be7 {[%emt 0:00:04]} 6. Re1 {[%emt 0:00:04]} b5 {[%emt 0:00:03]} 7. Bb3 {[%emt 0:00:04]} O-O {[%emt 0:00:04]} 8. h3 {[%emt 0:00:02]} d6 {[%emt 0:00:36]} 9. c3 {[%emt 0:00:04]} Na5 {[%emt 0:00:15]} 10. Bc2 {[%emt 0:00:11]} c5 {[%emt 0:00:02]} 11. d4 {[%emt 0:00:06]} Nd7 {[%emt 0:00:02]} 12. Nbd2 {[%emt 0:08:47]} exd4 {[%emt 0:00:16]} 13. cxd4 {[%emt 0:00:05]} Nc6 {[%emt 0:00:05]} 14. Nf1 {[%emt 0:04:29]} cxd4 {[%emt 0:05:29]} 15. Nxd4 {[%emt 0:01:48]} Nxd4 {[%emt 0:04:48]} 16. Qxd4 {[%emt 0:00:06]} Ne5 {[%emt 0:01:05]} 17. Qd1 {[%emt 0:06:32]} Nc4 {[%emt 0:09:10]} 18. b3 {[%emt 0:04:31]} Nb6 {[%emt 0:01:22]} 19. Bb2 {[%emt 0:05:41]} Bf6 {[%emt 0:00:54]} 20. Bd4 {[%emt 0:00:06]} Be5 {[%emt 0:02:35]} 21. Nh2 {[%emt 0:06:16]} Be6 {[%emt 0:01:19]} 22. Nf3 {[%emt 0:01:46]} Nd7 {[%emt 0:00:18]} 23. Qd2 {[%emt 0:06:20]} Qf6 {[%emt 0:10:25]} 24. Nxe5 {[%emt 0:04:38]} dxe5 {[%emt 0:00:12]} 25. Be3 {[%emt 0:00:04]} Nb8 {[%emt 0:03:02]} 26. a4 {[%emt 0:11:50]} Nc6 {[%emt 0:02:50]} 27. axb5 {[%emt 0:00:02]} axb5 {[%emt 0:00:05]} 28. Rxa8 {[%emt 0:00:15]} Rxa8 {[%emt 0:00:04]} 29. Qd6 {[%emt 0:06:02]} Rc8 {[%emt 0:13:18]} 30. Bd3 {[%emt 0:04:55]} Bxb3 {[%emt 0:01:44]} 31. Qxf6 {[%emt 0:00:11]} gxf6 {[%emt 0:01:28]} 32. Bxb5 {[%emt 0:01:31]} Nd4 {[%emt 0:00:03]} 33. Bf1 {[%emt 0:01:33]} Kg7 {[%emt 0:00:06]} 34. Rc1 {[%emt 0:00:41]} Ra8 {[%emt 0:02:01]} 35. Kh2 {[%emt 0:01:40]} Ra2 {[%emt 0:00:35]} 36. Kg3 {[%emt 0:06:19]} Bc2 {[%emt 0:01:13]} 37. Bc4 {[%emt 0:02:42]} Ra3 {[%emt 0:00:09]} 38. Kh2 {[%emt 0:04:03]} Bxe4 {[%emt 0:00:21]} 39. Bxd4 {[%emt 0:00:07]} exd4 {[%emt 0:00:11]} 40. Rd1 {[%emt 0:00:00]} Ra4 {[%emt 0:00:00]} 41. Bf1 {[%emt 0:14:55]} Kf8 {[%emt 0:10:36]} 42. Kg3 {[%emt 0:00:50]} Bg6 {[%emt 0:00:29]} 43. Kf4 {[%emt 0:05:36]} Ke7 {[%emt 0:00:19]} 44. g4 {[%emt 0:00:54]} Kd6 {[%emt 0:01:14]} 45. f3 {[%emt 0:03:07]} Kd5 {[%emt 0:02:11]} 46. Rc1 {[%emt 0:00:39]} Bc2 {[%emt 0:02:32]} 47. Bb5 {[%emt 0:02:02]} Rb4 {[%emt 0:03:21]} 48. Be8 {[%emt 0:00:41]} d3+ {[%emt 0:00:03]} 49. Ke3 {[%emt 0:00:05]} Kc4 {[%emt 0:00:05]} 50. Kd2 {[%emt 0:00:28]} Rb2 {[%emt 0:00:07]} 51. Ke3 {[%emt 0:01:03]} Kc3 {[%emt 0:00:18] Kd4+} 0-1

[Event "VI Sunway Sitges Open 2019"]
[Site "Sitges"]
[Date "2019.12.19"]
[Round "7.42"]
[White "Mohamed Anees M"]
[Black "Karthik Venkataraman"]
[Result "0-1"]
[WhiteElo "2056"]
[BlackElo "2470"]
[Annotator "ChessBase"]
[PlyCount "86"]
[EventDate "2019.12.13"]
[EventType "swiss"]
[EventCountry "ESP"]
[SourceTitle "playchess.com"]
[Source "ChessBase"]
[SourceQuality "1"]
[TimeControl "40/5400+30:1800+30"]

1. d4 {[%emt 0:00:00]} e6 {[%emt 0:04:07]} 2. c4 {[%emt 0:00:00]} Nf6 {[%emt 0:00:13]} 3. Nf3 {[%emt 0:00:00]} c5 {[%emt 0:00:55]} 4. d5 {[%emt 0:00:32]} g6 {[%emt 0:00:23]} 5. Nc3 {[%emt 0:00:35]} Bg7 {[%emt 0:00:12]} 6. e4 {[%emt 0:01:59]} O-O {[%emt 0:00:16]} 7. Be2 {[%emt 0:09:53]} exd5 {[%emt 0:02:24]} 8. exd5 {[%emt 0:01:08]} d6 {[%emt 0:00:35]} 9. h3 {[%emt 0:00:47]} Na6 {[%emt 0:02:18]} 10. O-O {[%emt 0:01:38]} Nc7 {[%emt 0:00:07]} 11. Bf4 {[%emt 0:03:57]} Nh5 {[%emt 0:00:31]} 12. Bh2 {[%emt 0:04:59]} f5 {[%emt 0:00:11]} 13. Ne1 {[%emt 0:01:58]} Nf6 {[%emt 0:00:30]} 14. Qd2 {[%emt 0:07:25]} h6 {[%emt 0:03:21]} 15. Bd3 {[%emt 0:12:00]} g5 {[%emt 0:04:47]} 16. Nf3 {[%emt 0:01:59]} Nh5 {[%emt 0:03:09]} 17. Ne2 {[%emt 0:11:21]} Rb8 {[%emt 0:04:19]} 18. a4 {[%emt 0:02:06]} Na6 {[%emt 0:00:50]} 19. Ra3 {[%emt 0:01:43]} Nb4 {[%emt 0:00:29]} 20. Bb1 {[%emt 0:01:20]} Qf6 {[%emt 0:00:46]} 21. Nfd4 {[%emt 0:04:46]} f4 {[%emt 0:05:00]} 22. Be4 {[%emt 0:06:19]} a5 {[%emt 0:07:09]} 23. Nb5 {[%emt 0:08:22]} Qxb2 {[%emt 0:00:54]} 24. Qd1 {[%emt 0:00:08]} Bf5 {[%emt 0:28:03]} 25. Rb3 {[%emt 0:03:47]} Qe5 {[%emt 0:03:11]} 26. Bxf5 {[%emt 0:02:25]} Qxf5 {[%emt 0:00:17]} 27. Nxd6 {[%emt 0:00:31]} Qd7 {[%emt 0:01:19]} 28. Ne4 {[%emt 0:01:09]} b6 {[%emt 0:00:05]} 29. Nd4 {[%emt 0:03:21]} cxd4 {[%emt 0:00:35]} 30. Qxh5 {[%emt 0:00:03]} Qxa4 {[%emt 0:00:05]} 31. Rbb1 {[%emt 0:00:30]} Qe8 {[%emt 0:01:24]} 32. Qf3 {[%emt 0:00:17]} Qg6 {[%emt 0:01:08]} 33. Rfe1 {[%emt 0:01:57]} Rfe8 {[%emt 0:00:26]} 34. g3 {[%emt 0:02:02]} Nc2 {[%emt 0:05:04]} 35. Re2 {[%emt 0:01:19]} Ne3 {[%emt 0:00:37]} 36. Nd2 {[%emt 0:01:41]} d3 {[%emt 0:01:58]} 37. Ree1 {[%emt 0:00:06]} Bc3 {[%emt 0:00:53]} 38. fxe3 {[%emt 0:01:15]} fxe3 {[%emt 0:01:41]} 39. Rxe3 {[%emt 0:01:03]} Bd4 {[%emt 0:00:43]} 40. Rbe1 {[%emt 0:00:00]} Rxe3 {[%emt 0:00:00]} 41. Rxe3 {[%emt 0:01:42]} Re8 {[%emt 0:01:03]} 42. Nf1 {[%emt 0:00:32]} d2 {[%emt 0:00:11]} 43. Kf2 {[%emt 0:05:16]} Rf8 {[%emt 0:00:46]} 0-1

[Event "VI Sunway Sitges Open 2019"]
[Site "Sitges"]
[Date "2019.12.19"]
[Round "7.43"]
[White "Dragnev, Valentin"]
[Black "Rakshitta Ravi"]
[Result "1-0"]
[WhiteElo "2553"]
[BlackElo "2260"]
[Annotator "TA"]
[PlyCount "49"]
[EventDate "2019.12.13"]
[EventType "swiss"]
[EventCountry "ESP"]
[SourceTitle "playchess.com"]
[Source "ChessBase"]
[SourceQuality "1"]

{[%evp 23,53,37,37,37,40,42,54,52,55,50,88,91,65,60,100,83,319,316,317,308,304,306,383,395,382,347,735,674,2189,2104,6270,3889]} 1. d4 Nf6 2. c4 e6 3. Nc3 d5 4. cxd5 exd5 5. Bg5 Nbd7 6. e3 c6 7. Bd3 Be7 8. h3 O-O 9. Qc2 Re8 10. Nf3 h6 11. Bf4 Nf8 12. O-O Ne6 13. Be5 {D36: Queen's Gambit Declined: Exchange Variation: Main line (5 Bg5 c6 6 Qc2)} (13. Bh2 Bd6 14. Ne5 a6 15. Rad1 Qe7 16. Rfe1 Bd7 17. Na4 Rad8 18. a3 Bc8 19. b4 Ng5 20. Kh1 Bc7 21. Nc5 {1-0 (65) Alshameary Puente,I (2425)-Garcia Salamero,G (2177) San Sebastian 2019}) 13... b6 14. e4 dxe4 $146 ({Predecessor:} 14... Bb7 15. exd5 cxd5 16. Rac1 a6 17. Bf5 Bf8 18. Rfe1 g6 19. Bd3 Bg7 20. Qb3 Rc8 21. Na4 Rxc1 22. Rxc1 Nd7 23. Bxg7 Kxg7 24. Nc3 {½-½ (24) Pantovic,D (2102)-Alok,S (2047) Belgrade 2018}) 15. Nxe4 {White is slightly better.} Bb7 16. Rad1 Nd5 17. a3 Nef4 18. Bc4 Ng6 19. Rfe1 Nh4 $2 (19... Bf8 $16) 20. Nxh4 $18 {[%mdl 64] [#] Overworked Piece} Bxh4 21. Nd6 {[%mdl 64] Double Attack} Re7 22. Nf5 Re6 23. Bxg7 {And now Rxe6 would win.} Rg6 24. Bxh6 c5 $2 (24... Bc8 25. Bc1 Bxf5 26. Qxf5 Rf6 27. Qg4+ {[%mdl 64] Double Attack} Rg6) 25. g3 {Played: Qc2-e4} 1-0

[Event "VI Sunway Sitges Open 2019"]
[Site "Sitges"]
[Date "2019.12.19"]
[Round "7.44"]
[White "Kulaots, Kaido"]
[Black "Raja Rithvik R"]
[Result "1/2-1/2"]
[WhiteElo "2538"]
[BlackElo "2381"]
[Annotator "ChessBase"]
[PlyCount "75"]
[EventDate "2019.12.13"]
[EventType "swiss"]
[EventCountry "ESP"]
[SourceTitle "playchess.com"]
[Source "ChessBase"]
[SourceQuality "1"]
[TimeControl "40/5400+30:1800+30"]

1. e4 {[%emt 0:00:00]} c5 {[%emt 0:03:46]} 2. Nf3 {[%emt 0:00:17]} d6 {[%emt 0:00:09]} 3. Bb5+ {[%emt 0:03:01]} Nd7 {[%emt 0:00:08]} 4. O-O {[%emt 0:00:14]} a6 {[%emt 0:00:18]} 5. Bd3 {[%emt 0:00:07]} Ngf6 {[%emt 0:00:09]} 6. a4 {[%emt 0:00:55]} b6 {[%emt 0:01:05]} 7. Re1 {[%emt 0:00:52]} Bb7 {[%emt 0:00:15]} 8. c3 {[%emt 0:00:29]} g6 {[%emt 0:00:38]} 9. Na3 {[%emt 0:05:39]} Bg7 {[%emt 0:00:22]} 10. Bc2 {[%emt 0:00:15]} O-O {[%emt 0:00:25]} 11. d4 {[%emt 0:01:23]} Qc7 {[%emt 0:02:51]} 12. h3 {[%emt 0:11:40]} e5 {[%emt 0:07:33]} 13. d5 {[%emt 0:08:03]} h6 {[%emt 0:06:39]} 14. Be3 {[%emt 0:02:21]} Kh7 {[%emt 0:01:34]} 15. Nd2 {[%emt 0:02:37]} Ng8 {[%emt 0:11:22]} 16. Ndc4 {[%emt 0:03:22]} Ne7 {[%emt 0:07:21]} 17. f4 {[%emt 0:14:39]} f5 {[%emt 0:10:34]} 18. fxe5 {[%emt 0:05:38]} Nxe5 {[%emt 0:00:51]} 19. Bf4 {[%emt 0:06:47]} Nxc4 {[%emt 0:07:18]} 20. Nxc4 {[%emt 0:00:08]} Rad8 {[%emt 0:00:32]} 21. Qd3 {[%emt 0:20:46]} fxe4 {[%emt 0:09:04]} 22. Rxe4 {[%emt 0:00:29]} Rf6 {[%emt 0:04:58]} 23. Ne3 {[%emt 0:05:33]} Bc8 {[%emt 0:02:41]} 24. Re1 {[%emt 0:00:34]} Nf5 {[%emt 0:02:03]} 25. g4 {[%emt 0:02:46]} Nh4 {[%emt 0:06:24]} 26. Nc4 {[%emt 0:02:19]} Rdf8 {[%emt 0:03:16]} 27. Re7 {[%emt 0:01:08]} Qd8 {[%emt 0:01:46]} 28. Qg3 {[%emt 0:00:38]} Rxf4 {[%emt 0:01:40]} 29. Qxh4 {[%emt 0:00:05]} Rxc4 {[%emt 0:04:06]} 30. Qh5 {[%emt 0:00:31]} Bf5 {[%emt 0:03:25]} 31. gxf5 {[%emt 0:00:44]} gxh5 {[%emt 0:00:06]} 32. f6+ {[%emt 0:00:04]} Kg8 {[%emt 0:00:12]} 33. Rxg7+ {[%emt 0:01:00]} Kh8 {[%emt 0:00:01]} 34. Rh7+ {[%emt 0:00:06]} Kg8 {[%emt 0:00:03]} 35. Rg7+ {[%emt 0:00:05]} Kh8 {[%emt 0:00:02]} 36. Rh7+ {[%emt 0:02:04]} Kg8 {[%emt 0:00:01]} 37. Rg7+ {[%emt 0:00:35]} Kh8 {[%emt 0:00:21]} 38. Rh7+ {[%emt 0:00:25]} 1/2-1/2

[Event "VI Sunway Sitges Open 2019"]
[Site "Sitges"]
[Date "2019.12.19"]
[Round "7.45"]
[White "Mieles Palau, Daniel"]
[Black "Narciso Dublan, Marc"]
[Result "1/2-1/2"]
[WhiteElo "2382"]
[BlackElo "2516"]
[Annotator "ChessBase"]
[PlyCount "74"]
[EventDate "2019.12.13"]
[EventType "swiss"]
[EventCountry "ESP"]
[SourceTitle "playchess.com"]
[Source "ChessBase"]
[SourceQuality "1"]
[TimeControl "40/5400+30:1800+30"]

1. c4 {[%emt 0:00:00]} e6 {[%emt 0:00:00]} 2. Nf3 {[%emt 0:00:58]} d5 {[%emt 0:00:00]} 3. e3 {[%emt 0:00:09]} Nf6 {[%emt 0:00:25]} 4. Nc3 {[%emt 0:00:33]} b6 {[%emt 0:00:24]} 5. b3 {[%emt 0:03:41]} Bb7 {[%emt 0:00:19]} 6. Bb2 {[%emt 0:00:07]} Nbd7 {[%emt 0:01:00]} 7. cxd5 {[%emt 0:04:58]} exd5 {[%emt 0:00:22]} 8. d4 {[%emt 0:00:04]} Bd6 {[%emt 0:00:30]} 9. g3 {[%emt 0:00:14]} O-O {[%emt 0:00:55]} 10. Bg2 {[%emt 0:00:12]} Ba6 {[%emt 0:02:00]} 11. a3 {[%emt 0:12:37]} Qe7 {[%emt 0:04:49]} 12. Ne2 {[%emt 0:01:44]} Ne4 {[%emt 0:01:51]} 13. O-O {[%emt 0:00:09]} Rae8 {[%emt 0:05:31]} 14. Re1 {[%emt 0:02:34]} Ndf6 {[%emt 0:09:20]} 15. Nc3 {[%emt 0:06:03]} Ng4 {[%emt 0:16:19]} 16. Nxe4 {[%emt 0:07:19]} dxe4 {[%emt 0:00:09]} 17. Nd2 {[%emt 0:05:16]} f5 {[%emt 0:03:01]} 18. Nc4 {[%emt 0:06:05]} Bxc4 {[%emt 0:07:23]} 19. bxc4 {[%emt 0:00:07]} h5 {[%emt 0:00:50]} 20. c5 {[%emt 0:06:24]} bxc5 {[%emt 0:01:48]} 21. dxc5 {[%emt 0:00:05]} Be5 {[%emt 0:00:35]} 22. Bxe5 {[%emt 0:02:02]} Qxe5 {[%emt 0:00:21]} 23. h3 {[%emt 0:15:02]} Nf6 {[%emt 0:00:19]} 24. h4 {[%emt 0:00:02]} Rb8 {[%emt 0:04:47]} 25. Rc1 {[%emt 0:02:27]} Rb2 {[%emt 0:04:48]} 26. Re2 {[%emt 0:01:14]} Rxe2 {[%emt 0:03:15]} 27. Qxe2 {[%emt 0:00:06]} Rb8 {[%emt 0:00:13]} 28. Bh3 {[%emt 0:00:42]} Rb2 {[%emt 0:06:24]} 29. Qc4+ {[%emt 0:04:57]} Nd5 {[%emt 0:11:40]} 30. c6 {[%emt 0:02:43]} Rd2 {[%emt 0:03:00]} 31. Qc5 {[%emt 0:02:17]} a6 {[%emt 0:04:36]} 32. Rb1 {[%emt 0:02:31]} Kh7 {[%emt 0:01:56]} 33. Rb8 {[%emt 0:06:34]} Rd1+ {[%emt 0:07:01]} 34. Kh2 {[%emt 0:00:05]} Rd2 {[%emt 0:00:03]} 35. Kg1 {[%emt 0:00:06]} Rd1+ {[%emt 0:00:10]} 36. Kh2 {[%emt 0:03:27]} Rd2 {[%emt 0:00:05]} 37. Kg1 {[%emt 0:00:04]} Rd1+ {[%emt 0:00:12]} 1/2-1/2

[Event "VI Sunway Sitges Open 2019"]
[Site "Sitges"]
[Date "2019.12.19"]
[Round "7.46"]
[White "Valenzuela Gomez, Fernando"]
[Black "Iniyan, P."]
[Result "1-0"]
[WhiteElo "2373"]
[BlackElo "2497"]
[Annotator "ChessBase"]
[PlyCount "77"]
[EventDate "2019.12.13"]
[EventType "swiss"]
[EventCountry "ESP"]
[SourceTitle "playchess.com"]
[Source "ChessBase"]
[SourceQuality "1"]
[TimeControl "40/5400+30:1800+30"]

1. d4 {[%emt 0:05:50]} Nf6 {[%emt 0:00:26]} 2. c4 {[%emt 0:00:16]} e6 {[%emt 0:00:17]} 3. Nc3 {[%emt 0:01:45]} Bb4 {[%emt 0:00:09]} 4. e3 {[%emt 0:04:19]} b6 {[%emt 0:00:10]} 5. Bd2 {[%emt 0:03:07]} Bb7 {[%emt 0:00:38]} 6. Nf3 {[%emt 0:00:08]} O-O {[%emt 0:01:54]} 7. Bd3 {[%emt 0:00:48]} Bxc3 {[%emt 0:05:45]} 8. Bxc3 {[%emt 0:00:48]} Ne4 {[%emt 0:00:06]} 9. Bxe4 {[%emt 0:00:03]} Bxe4 {[%emt 0:00:11]} 10. d5 {[%emt 0:00:01]} c5 {[%emt 0:03:14]} 11. Nd2 {[%emt 0:01:19]} Bg6 {[%emt 0:00:07]} 12. h4 {[%emt 0:00:44]} exd5 {[%emt 0:12:49]} 13. cxd5 {[%emt 0:02:12]} Bd3 {[%emt 0:02:55]} 14. Qg4 {[%emt 0:20:16]} f6 {[%emt 0:00:12]} 15. O-O-O {[%emt 0:10:04]} Qe7 {[%emt 0:16:36]} 16. Nb3 {[%emt 0:11:51]} Ba6 {[%emt 0:02:26]} 17. e4 {[%emt 0:03:28]} d6 {[%emt 0:01:23]} 18. f4 {[%emt 0:04:35]} Nd7 {[%emt 0:01:53]} 19. Rhe1 {[%emt 0:02:32]} Rfe8 {[%emt 0:03:32]} 20. Kb1 {[%emt 0:03:30]} b5 {[%emt 0:01:26]} 21. a3 {[%emt 0:05:59]} Qf7 {[%emt 0:08:49]} 22. Qf3 {[%emt 0:02:11]} Bb7 {[%emt 0:05:10]} 23. Na5 {[%emt 0:00:43]} Nb6 {[%emt 0:00:13]} 24. g4 {[%emt 0:01:51]} Rac8 {[%emt 0:04:06]} 25. Nxb7 {[%emt 0:01:10]} Qxb7 {[%emt 0:00:05]} 26. g5 {[%emt 0:00:23]} b4 {[%emt 0:02:56]} 27. axb4 {[%emt 0:00:24]} fxg5 {[%emt 0:07:18]} 28. Rg1 {[%emt 0:05:26]} Na4 {[%emt 0:00:24]} 29. Rxg5 {[%emt 0:00:59]} Nxc3+ {[%emt 0:02:48]} 30. Qxc3 {[%emt 0:00:09]} cxb4 {[%emt 0:00:21]} 31. Qd3 {[%emt 0:01:42]} b3 {[%emt 0:04:03]} 32. Rdg1 {[%emt 0:00:25]} Re7 {[%emt 0:00:45]} 33. e5 {[%emt 0:01:16]} Qb4 {[%emt 0:02:00]} 34. Rh5 {[%emt 0:02:19]} g6 {[%emt 0:00:20]} 35. Rxh7 {[%emt 0:00:38]} Rc1+ {[%emt 0:00:39]} 36. Rxc1 {[%emt 0:00:34]} Kxh7 {[%emt 0:00:05]} 37. h5 {[%emt 0:00:38]} Rg7 {[%emt 0:00:58]} 38. hxg6+ {[%emt 0:00:25]} Rxg6 {[%emt 0:00:14]} 39. Qh3+ {[%emt 0:00:12]} 1-0

[Event "VI Sunway Sitges Open 2019"]
[Site "Sitges"]
[Date "2019.12.19"]
[Round "7.47"]
[White "Sidhant, Mohapatra"]
[Black "Zanan, Evgeny"]
[Result "0-1"]
[WhiteElo "2338"]
[BlackElo "2493"]
[Annotator "TA"]
[PlyCount "110"]
[EventDate "2019.12.13"]
[EventType "swiss"]
[EventCountry "ESP"]
[SourceTitle "playchess.com"]
[Source "ChessBase"]
[SourceQuality "1"]

{[%evp 20,110,13,10,26,10,10,9,6,14,12,14,21,-57,-58,-51,-43,-46,-45,-50,-51,-58,-58,-57,-60,-54,-57,-87,-68,-70,-36,-79,-79,-79,-96,-94,-87,-125,-125,-127,-127,-134,-77,-83,-78,-80,-56,-69,-60,-75,-86,-55,-43,-77,-83,-186,-136,-230,-222,-152,-186,-240,-237,-310,-305,-496,-498,-1052,-1008,-1426,-1338,-1393,-1395,-1202,-1089,-29969,-29969,-29968,-29966,-29965,-29964,-6115,-8054,-29977,-29978,-29977,-29977,-29977,-29978,-29978,-29979,-29978,-29940]} 1. e4 e5 2. Nf3 Nc6 3. Bb5 a6 4. Ba4 Nf6 5. d4 exd4 6. O-O Be7 7. e5 Ne4 8. Nxd4 Nxd4 9. Qxd4 Nc5 10. Nc3 O-O 11. Nd5 Re8 {C84: Closed Ruy Lopez: Unusual White 6th moves} 12. Nxe7+ Qxe7 13. Bd2 b5 {The position is equal.} 14. Bb3 $1 Bb7 15. Rfe1 Ne4 {[#]} 16. Bd5 $146 (16. Rxe4 c5 $17) (16. c3 $11) ({Predecessor:} 16. c3 c5 17. Qe3 d6 18. exd6 Qxd6 19. Rad1 {1-0 (47) Pancevski,F (2503)-Amin,B (2661) Baku 2016}) 16... Bxd5 $15 17. Qxd5 Qxe5 18. Qxe5 Rxe5 19. f3 Rd5 20. Bf4 Nf6 21. Bxc7 Rc8 22. Be5 Rxc2 {Hoping for ...Rdd2.} 23. a4 b4 {Strongly threatening ...Rdd2.} 24. Rad1 {[#]} Re2 $1 {[%mdl 512]} 25. Rxd5 (25. Rxe2 Rxd1+) 25... Rxe1+ 26. Kf2 {Rc5 is the strong threat.} Nxd5 27. Kxe1 $17 {[%mdl 4096] Endgame KB-KN} f6 28. Bd4 Kf7 29. Kd2 Ke6 30. Kd3 Kd6 (30... Nf4+ $142 $1 31. Kc4 Nxg2) 31. Kc4 Kc6 32. a5 {[#]} b3 $1 {[%mdl 512]} 33. g3 (33. Kxb3 Kb5) 33... g6 34. h4 f5 35. g4 h5 36. gxh5 gxh5 37. Bf2 (37. Kxb3 $17 Kb5 38. Be5) 37... Ne7 $1 $19 38. Kxb3 (38. Bd4 $17) 38... Kb5 39. Kc3 {[#]} Nc6 $1 (39... Kxa5 40. Kc4 $17) 40. Kd3 (40. Bg3 {might work better.}) 40... Ne5+ ({Much less strong is} 40... Nxa5 41. Bg3 $17) ({But not} 40... Kxa5 41. Ke3 $17) 41. Ke3 Kxa5 42. Bg3 $2 {[#]} (42. Be1+ Ka4 43. Bc3) 42... Ng6 $1 43. Kd4 (43. Be1+ $142 Ka4 44. Bc3) 43... Kb4 44. Kd5 Kb3 45. Kd6 Kxb2 46. Kxd7 f4 47. Bf2 Kc2 48. Ke6 Kd3 49. Kf5 Ke2 $1 {[%csl LRf2,LRf3][%mdl 64] Double Attack} 50. Bc5 Kxf3 ({And not} 50... Nxh4+ 51. Kxf4 Ng6+ 52. Kg5 $11) 51. Kxg6 Kg4 {Black mates.} 52. Kf6 f3 53. Bf2 a5 {[%cal Ba6a5,Ba5a4][%mdl 32]} 54. Ke5 a4 55. Kd4 Kh3 {Accuracy: White = 39%, Black = 82%.} 0-1

[Event "VI Sunway Sitges Open 2019"]
[Site "Sitges"]
[Date "2019.12.19"]
[Round "7.48"]
[White "Minko, Dmitry"]
[Black "Davtyan, David Arm."]
[Result "0-1"]
[WhiteElo "2147"]
[BlackElo "2327"]
[Annotator "NA"]
[PlyCount "58"]
[EventDate "2019.12.13"]
[EventType "swiss"]
[EventCountry "ESP"]
[SourceTitle "playchess.com"]
[Source "ChessBase"]
[SourceQuality "1"]
[TimeControl "40/5400+30:1800+30"]

1. e4 {[%emt 0:00:00]} c5 {[%emt 0:00:45]} 2. Nf3 {[%emt 0:00:00]} Nc6 {[%emt 0:00:51]} 3. d4 {[%emt 0:00:10]} cxd4 {[%emt 0:00:04]} 4. Nxd4 {[%emt 0:00:18]} Nf6 {[%emt 0:00:33]} 5. Nc3 {[%emt 0:00:14]} e5 {[%emt 0:00:24]} 6. Ndb5 {[%emt 0:00:29]} d6 {[%emt 0:00:07]} 7. a4 {[%emt 0:01:13]} a6 {[%emt 0:00:44]} 8. Na3 {[%emt 0:00:00]} Bg4 {[%emt 0:00:05]} 9. Be2 {[%emt 0:00:00]} Bxe2 {[%emt 0:00:05]} 10. Qxe2 {[%emt 0:00:00]} d5 {[%emt 0:00:02]} 11. exd5 {[%emt 0:01:06]} Nxd5 {[%emt 0:00:08]} 12. O-O {[%emt 0:04:02]} Nxc3 {[%emt 0:00:04]} 13. bxc3 {[%emt 0:00:07]} Bc5 {[%emt 0:00:08]} 14. Nc4 {[%emt 0:05:30]} Qe7 {[%emt 0:00:05]} 15. a5 {[%emt 0:06:55]} O-O {[%emt 0:03:29]} 16. Be3 {[%emt 0:06:47]} Bxe3 {[%emt 0:01:21]} 17. Qxe3 {[%emt 0:00:42]} Rad8 {[%emt 0:08:42]} 18. Rfd1 {[%emt 0:23:11]} f5 {[%emt 0:14:21]} 19. Qb6 {[%emt 0:07:48]} f4 {[%emt 0:03:35]} 20. f3 {[%emt 0:00:57]} e4 {[%emt 0:04:38]} 21. fxe4 {[%emt 0:01:48]} Rxd1+ {[%emt 0:07:19]} 22. Rxd1 {[%emt 0:00:08]} Qxe4 {[%emt 0:01:44]} 23. Qb3 {[%emt 0:01:46]} Kh8 {[%emt 0:01:52]} 24. Nd6 {[%emt 0:08:47]} Qe3+ {[%emt 0:00:22]} 25. Kh1 {[%emt 0:00:32]} Qe2 {[%emt 0:04:05]} 26. Qd5 {[%emt 0:07:37]} Ne5 {[%emt 0:02:22]} 27. Rg1 {[%emt 0:01:46]} h6 {[%emt 0:04:20]} 28. Qxb7 {[%emt 0:07:21]} Qh5 {[%emt 0:07:49]} 29. Qd5 {[%emt 0:03:20]} Ng4 {[%emt 0:01:00]} 0-1